Top 10 Länder Europas nach Bevölkerungsdichte - Statistiken

Allgemein
  • Dieses Quiz wurde 82 mal gespielt
  • Das Durchschnittsergebnis liegt bei 9 aus 10
Antwortstatistiken
EW/km² Land % Korrekt
236 Deutschland
96%
25.970 Monaco
96%
1.800 Vatikanstadt
93%
225 Luxemburg
92%
505 Niederlande
89%
378 Belgien
88%
237 Liechtenstein
88%
557 San Marino
87%
1.346 Malta
84%
274 Vereinigtes Königreich
76%
Keine übereinstimmenden Quizze gefunden
Verteilung der Resultate
Anzahl Personen mit jedem Resultat
Perzentil nach korrekt beantworteten Fragen
Ihre Resultats-Entwicklung
Sie haben dieses Quiz noch nicht gespielt